[Event "Roncana op-C 9th"]
[Site "Santa Eulalia de Roncana"]
[Date "2015.10.17"]
[Round "2"]
[White "Cabecera Santiago, Hugo"]
[Black "Shneyderis, Mihael"]
[Result "1-0"]
[WhiteElo "1412"]
[BlackElo "1691"]
[PlyCount "26"]
[EventDate "2015.10.03"]
[EventType "swiss"]
[EventRounds "8"]
[EventCountry "ESP"]
[SourceTitle "EXT 2017"]
[Source "ChessBase"]
[SourceDate "2016.10.25"]
[SourceVersion "1"]
[SourceVersionDate "2016.10.25"]
[SourceQuality "1"]

1. e4 e5 2. Bc4 Nf6 3. Nf3 Bc5 4. 0-0 Nxe4 5. Qe1 d5 6. Bb5+ c6 7. Bd3 Bf5 8. Nxe5 Qh4 9. g3 Bh3 10. gxh4 Bxf1 11. Qxf1 Bxf2+ 12. Qxf2 Nxf2 13. Kxf2 0-0 1-0